Law, capitalism and power in Asia : (Record no. 2055)
[ view plain ]
| 000 -LEADER | |
|---|---|
| fixed length control field | 00810cam a2200241 4500 |
| 001 - CONTROL NUMBER | |
| control field | 2590 |
| 005 - DATE AND TIME OF LATEST TRANSACTION | |
| control field | 20181127165328.0 |
| 008 - FIXED-LENGTH DATA ELEMENTS--GENERAL INFORMATION | |
| fixed length control field | 990318s1999 enk b 001 0 eng d |
| 010 ## - LIBRARY OF CONGRESS CONTROL NUMBER | |
| LC control number | 99185718 |
| 020 ## - INTERNATIONAL STANDARD BOOK NUMBER | |
| International Standard Book Number | 0415197422 (hbk) |
| International Standard Book Number | 0415197430 (pbk) |
| 043 ## - GEOGRAPHIC AREA CODE | |
| Geographic area code | ae----- |
| -- | as----- |
| 245 00 - TITLE STATEMENT | |
| Title | Law, capitalism and power in Asia : |
| Remainder of title | the rule of law and legal institutions / |
| Statement of responsibility, etc. | edited by Kanishka Jayasuriya. |
| 260 ## - PUBLICATION, DISTRIBUTION, ETC. | |
| Place of publication, distribution, etc. | London ; |
| -- | New York : |
| Name of publisher, distributor, etc. | Routledge, |
| Date of publication, distribution, etc. | 1999. |
| 300 ## - PHYSICAL DESCRIPTION | |
| Extent | xiii, 345 p. ; |
| Dimensions | 24 cm. |
| 440 #0 - SERIES STATEMENT/ADDED ENTRY--TITLE | |
| Title | Asian capitalisms |
| 504 ## - BIBLIOGRAPHY, ETC. NOTE | |
| Bibliography, etc. note | Includes bibliographical references and index. |
| 650 #0 - SUBJECT ADDED ENTRY--TOPICAL TERM | |
| Topical term or geographic name entry element | Capitalism |
| Geographic subdivision | East Asia. |
| Topical term or geographic name entry element | Capitalism |
| Geographic subdivision | Southeast Asia. |
| Topical term or geographic name entry element | Rule of law |
| Geographic subdivision | East Asia. |
| Topical term or geographic name entry element | Rule of law |
| Geographic subdivision | Southeast Asia. |
| 700 1# - ADDED ENTRY--PERSONAL NAME | |
| Personal name | Jayasuriya, Kanishka, |
| Dates associated with a name | 1959- |
| Withdrawn status | Lost status | Source of classification or shelving scheme | Damaged status | Not for loan | Collection code | Home library | Current library | Shelving location | Serial Enumeration / chronology | Inventory number | Total Checkouts | Full call number | Barcode | Date last seen | Price effective from | Koha item type |
|---|---|---|---|---|---|---|---|---|---|---|---|---|---|---|---|---|
| Dewey Decimal Classification | Main TEST | RTC Library | RTC Library | Main opac | 1511 | 349.5 JAY | 30003677 | 27/11/2018 | 27/11/2018 | Main |